Quick Pick: Colorful Book Titles Quiz Stats

 Plays Quiz Updated Apr 20, 2016

Challenge
Share
Tweet
Embed
Score 0/12 Timer 01:00
1 Play Today
% Correct
Grey
95.7%
Orange
91.4%
Green
91.2%
Black
91%
Red
89.2%
Scarlet
89%
Purple
88.8%
White
82.7%
Brown
77.1%
Silver
70.5%
Yellow
70.1%
Blue
65.2%

Today's Daily Dose

You're not logged in!

Compare scores with friends on all Sporcle quizzes.
OR
Log In

You Might Also Like...

Show Comments

Extras

Top Quizzes Today


Score Distribution

Your Account Isn't Verified!

In order to create a playlist on Sporcle, you need to verify the email address you used during registration. Go to your Sporcle Settings to finish the process.

Report this User

Report this user for behavior that violates our Community Guidelines.

Details: